Elenca la formazione - Quiz n°229 - Statistics

Statistiche generali
  • Questo quiz è stato fatto 24 volte
  • Il punteggio medio è 4 su 11
Statistiche sulle risposte
Ruolo Club dell'epoca Calciatore % Corretto
Portiere Lazio Fernando Muslera
89%
Attaccante Ajax Luis Suárez
89%
Attaccante Atletico Madrid Diego Forlán
72%
Difensore Benfica Maxi Pereira
28%
Centrocampista Porto Álvaro Pereira
22%
Centrocampista Lazio Álvaro González
17%
Difensore Fenerbahçe Diego Lugano
17%
Difensore Siviglia Martín Cáceres
17%
Difensore Nacional Sebastián Coates
11%
Centrocampista Bologna Diego Pérez
6%
Centrocampista Botafogo Egidio Arévalo
0%
Nessun quiz corrispondente trovato
Distribuzione punteggi
Percentuale di utenti per punteggio
Percentile per numero di risposta
I tuoi punteggi nel tempo
Non hai fatto questo quiz